Political economy of transition and development : (Record no. 6214)

MARC details
000 -LEADER
fixed length control field 02660cam a2200313 4500
001 - CONTROL NUMBER
control field 7291
005 - DATE AND TIME OF LATEST TRANSACTION
control field 20181127183327.0
008 - FIXED-LENGTH DATA ELEMENTS--GENERAL INFORMATION
fixed length control field 030821s2003 maua b 101 0 eng
010 ## - LIBRARY OF CONGRESS CONTROL NUMBER
LC control number 2003060997
020 ## - INTERNATIONAL STANDARD BOOK NUMBER
International Standard Book Number 1402075502 (alk. paper)
082 00 - DEWEY DECIMAL CLASSIFICATION NUMBER
Classification number 338.947
Edition number 22
100 ## - MAIN ENTRY--PERSONAL NAME
Personal name Campos, Nauro F.
Numeration
Titles and words associated with a name
Dates associated with a name
Relator term editor
Fuller form of name
245 00 - TITLE STATEMENT
Title Political economy of transition and development :
Remainder of title institutions, politics, and policies /
Statement of responsibility, etc. edited by Nauro F. Campos and Jan Fidrmuc.
260 ## - PUBLICATION, DISTRIBUTION, ETC.
Place of publication, distribution, etc. Boston :
Name of publisher, distributor, etc. Kluwer Academic,
Date of publication, distribution, etc. c2003.
300 ## - PHYSICAL DESCRIPTION
Extent xii, 279 p. :
Other physical details ill. ;
Dimensions 25 cm.
440 #0 - SERIES STATEMENT/ADDED ENTRY--TITLE
Title ZEI studies in European economics and law ;
Volume/sequential designation v. 5
500 ## - GENERAL NOTE
General note Conference papers.
504 ## - BIBLIOGRAPHY, ETC. NOTE
Bibliography, etc. note Includes bibliographical references and index.
505 ## - FORMATTED CONTENTS NOTE
Formatted contents note 1 Evolution and Transition / Barry W. Ickes 1 -- 2 Interpretations of Transition / Arye L. Hillman 23 -- 3 The Relative Levels and the Character of Institutional Development in Transition Economies / Peter Murrell 41 -- 4 Transition and Developing Economies: Comparing the Quality of Governments / Gur Ofer 69 -- 5 Sectors, States, and the Paths of Post-Socialist Development / Bela Greskovits 97 -- 6 A Computational Political Economy Model of Transition / John E. Jackson 117 -- 7 Anatomy of Voting Behavior and Attitudes during Post- Communist Transition: Czech Republic 1990-98 / Orla Doyle, Jan Fidrmuc 139 -- 8 Enlargement and the European Parliament / Abdul Noury, Gerard Roland 165 -- 9 Economic Policy Doctrine and Political Regime / M. Steven Fish 183 -- 10 Postcommunist Corruption / Daniel Treisman 201 -- 11 The Extent and Determinants of the Stripping of Socialist Physical Capital in the Period of Social Transformation and Modernization of the Economic Structure / Nauro F. Campos, Francesco Giovannoni 227 -- 12 Social Capital and Economic Performance in Transition / Martin Raiser 245 -- 13 Human Capital, Growth and Inequality in Transition Economies / Michael Spagat 259.
Miscellaneous information
Statement of responsibility
Title
520 ## - SUMMARY, ETC.
Summary, etc. Political Economy of Transition and Development collects the proceedings of an international conference that brought the leading thinkers in this field to the Center for European Integration Studies of the University of Bonn in May, 2002.
650 #0 - SUBJECT ADDED ENTRY--TOPICAL TERM
Topical term or geographic name entry element Mixed economy
Geographic subdivision Europe, Eastern
Form subdivision Congresses.
Topical term or geographic name entry element Post-communism
General subdivision Economic aspects
Geographic subdivision Europe, Eastern
Form subdivision Congresses.
651 #0 - SUBJECT ADDED ENTRY--GEOGRAPHIC NAME
Geographic name Europe, Eastern
General subdivision Economic conditions
Chronological subdivision 1989-
Form subdivision Congresses.
Geographic name Europe, Eastern
General subdivision Economic policy
Chronological subdivision 1989-
Form subdivision Congresses.
Geographic name Europe, Eastern
General subdivision Politics and government
Chronological subdivision 1989-
Form subdivision Congresses.
700 1# - ADDED ENTRY--PERSONAL NAME
Personal name Campos, Nauro F.
Personal name Fidrmuc, Jan.
Holdings
Withdrawn status Lost status Source of classification or shelving scheme Damaged status Not for loan Collection code Home library Current library Shelving location Date acquired Serial Enumeration / chronology Inventory number Total Checkouts Full call number Barcode Date last seen Date last checked out Price effective from Koha item type
    Dewey Decimal Classification     Main TEST RTC Library RTC Library Main opac 20/02/2023 11238 1 338 CAM 30010925 28/02/2023 20/02/2023 27/11/2018 Main
Royal Thimphu College || All Right Reserved